=LDR 00000nam 2200000 4500 =001 INLIS000000000027885 =005 20130612130228 =008 ***********************************Ind** =035 ##$$0010-061300000027885 =041 ##$$a Ind =082 ##$$a 372.7 =090 ##$$a 372.7, Van m =100 ##$$a Vancleave, jonice =245 ##$$a Matematika untuk anak, kegiatan kegiatan sederhana yang membuat belajar matematika menjadi menyenangkan, Janice Vancleave =260 ##$$a 2003 $b Bandung =300 ##$$a viii,215 hlm, ilus, 22,5 cm =650 ##$$a Matematika SD =850 ##$$a NBPNMAT =990 ##$$a 65546554